The old willis place / (Record no. 3531)

MARC details
000 -LEADER
fixed length control field 00889nam a22002297a 4500
001 - CONTROL NUMBER
control field 3531
003 - CONTROL NUMBER IDENTIFIER
control field FISKH
005 - DATE AND TIME OF LATEST TRANSACTION
control field 20240318082844.0
008 - FIXED-LENGTH DATA ELEMENTS--GENERAL INFORMATION
fixed length control field 240318b cb ||||| |||| 00| 0 eng d
040 ## - CATALOGING SOURCE
Original cataloging agency FISK
Language of cataloging eng
Transcribing agency FISK
Modifying agency FISK
050 ## - LIBRARY OF CONGRESS CALL NUMBER
Classification number PZ7.H1256
082 ## - DEWEY DECIMAL CLASSIFICATION NUMBER
Classification number 813.6
100 ## - MAIN ENTRY--PERSONAL NAME
Personal name Hahn Mary Downing
Dates associated with a name 1937-
245 ## - TITLE STATEMENT
Title The old willis place /
Remainder of title A ghost story,
Statement of responsibility, etc. Mary Downing Hahn
260 ## - PUBLICATION, DISTRIBUTION, ETC.
Place of publication, distribution, etc. New York :
Name of publisher, distributor, etc. Scholastic,
Date of publication, distribution, etc. 2008
300 ## - PHYSICAL DESCRIPTION
Extent 199 pages :
Dimensions 20 cm
505 ## - FORMATTED CONTENTS NOTE
Formatted contents note M
520 ## - SUMMARY, ETC.
Summary, etc. Tired of the rules that have bound them ever since "the bad thing happened," twelve-year-old Diana ignores her brother's warnings and befriends the daughter of the new caretaker, setting in motion events that lead to the release of the spirit of an evil, crazy woman who once ruled the old Willis place.
700 ## - ADDED ENTRY--PERSONAL NAME
Personal name Mary Downing Hahn
942 ## - ADDED ENTRY ELEMENTS (KOHA)
Source of classification or shelving scheme Dewey Decimal Classification
Koha item type Books
Suppress in OPAC No
Holdings
Withdrawn status Lost status Source of classification or shelving scheme Damaged status Not for loan Collection Home library Current library Shelving location Date acquired Total Checkouts Full call number Barcode Date last seen Date last checked out Copy number Price effective from Koha item type
    Dewey Decimal Classification     Fiction Footprints International School Library Network Toul Kork Campus Footprints International School Library Network Toul Tom Poung Campus   03/18/2024 1 HAH PZ7.H1256 813.6 2024-0351 02/25/2026 01/21/2026 1 03/18/2024 Books